000 00558nam a2200205Ia 4500
005 20250923144853.0
008 008 250917s9999 xx 000 0 eng d
037 _aTextual
040 _aDSWL
_beng
_cDSWL
041 _aeng
_2eng
084 _azG, N45
_qDSWL
100 _aAgarwal, S. N.
_9829266
245 0 _aConstructive Programme for Students
_cby S. Agarwal
260 _aBombay
_bDma Publication Ltd.
_c1945
300 _a55p.
365 _aINR
_b3
925 _g3
942 _cTEXL
_hzG, N45
999 _c1444390
_d1444390